[Event "SCO-ch op 128th"]
[Site "Dunfermline"]
[Date "2023.07.08"]
[Round "3"]
[White "Madhavan, Sanjith1111"]
[Black "Smith, Stephen H"]
[Result "1-0"]
[WhiteElo "1987"]
[BlackElo "1767"]
[PlyCount "53"]
[EventDate "2023.07.07"]
[EventType "swiss"]
[EventRounds "5"]
[EventCountry "SCO"]
[SourceTitle "CBM 215 Extra"]
[Source "ChessBase"]
[SourceDate "2023.09.30"]
[SourceVersion "1"]
[SourceVersionDate "2023.09.30"]
[SourceQuality "1"]

1. e4 e6 2. d4 d5 3. Nd2 Nf6 4. e5 Nfd7 5. f4 c5 6. Ndf3 cxd4 7. Nxd4 Nc6 8. Ngf3 a6 9. c3 Be7 10. Bd3 Nc5 11. Bb1 Qc7 12. 0-0 Nxd4 13. cxd4 Nd7 14. Kh1 b5 15. Ng5 h6 16. Qh5 Bxg5 17. fxg5 Nf8 18. g6 Qc4 19. Qf3 Ra7 20. gxf7+ Kd8 21. Bd3 Qc6 22. Bd2 a5 23. Rac1 Qb6 24. Qg4 g5 25. Bxg5+ hxg5 26. Qxg5+ Re7 27. Qg7 1-0

[Event "SCO-ch 124th"]
[Site "Dundee"]
[Date "2017.07.17"]
[Round "3"]
[White "McKay, Jonathan"]
[Black "Smith, Stephen H"]
[Result "0-1"]
[WhiteElo "1406"]
[BlackElo "1794"]
[PlyCount "124"]
[EventDate "2017.07.15"]
[EventType "swiss"]
[EventRounds "9"]
[EventCountry "SCO"]
[SourceTitle "CBM 179 Extra"]
[Source "ChessBase"]
[SourceDate "2017.08.23"]
[SourceVersion "1"]
[SourceVersionDate "2017.08.23"]
[SourceQuality "1"]

1. d4 Nf6 2. Nf3 e6 3. a3 b6 4. c4 Bb7 5. Nc3 d5 6. Bg5 Be7 7. e3 h6 8. Bh4 0-0 9. cxd5 Nxd5 10. Bxe7 Qxe7 11. Rc1 Rd8 12. Bd3 c6 13. 0-0 Nd7 14. Qe2 Nxc3 15. Rxc3 c5 16. Rfc1 e5 17. dxe5 Nxe5 18. Nxe5 Qxe5 19. b4 cxb4 20. axb4 Rdc8 21. Qc2 Rxc3 22. Qxc3 Qxc3 23. Rxc3 Rc8 24. Rxc8+ Bxc8 25. b5 Kf8 26. e4 Ke7 27. Kf1 Kd6 28. Bc4 f6 29. Ke2 Kc5 30. Kd3 Bd7 31. Kc3 Bxb5 32. Ba2 Bc6 33. Bb1 b5 34. g3 a5 35. f4 b4+ 36. Kd3 Bb5+ 37. Ke3 a4 38. e5 fxe5 39. fxe5 Bc4 40. Bf5 a3 41. Bb1 a2 42. Bxa2 Bxa2 43. Kf4 Be6 44. Ke3 Kd5 45. Kd3 Kxe5 46. Kc2 g5 47. h4 gxh4 48. gxh4 h5 49. Kd3 Kf4 50. Ke2 Kg4 51. Ke3 Kxh4 52. Kf4 b3 53. Kf3 b2 54. Kf4 b1Q 55. Ke5 Qf5+ 56. Kd6 Qd5+ 57. Kc7 Kg5 58. Kb6 Bd7 59. Kc7 Qc6+ 60. Kd8 Be6 61. Ke7 Qd7+ 62. Kf8 Qf7# 0-1

[Event "SCO-ch 124th"]
[Site "Dundee"]
[Date "2017.07.16"]
[Round "2"]
[White "Smith, Stephen H"]
[Black "Khoo Thwe, Louis"]
[Result "1/2-1/2"]
[WhiteElo "1794"]
[BlackElo "1507"]
[PlyCount "106"]
[EventDate "2017.07.15"]
[EventType "swiss"]
[EventRounds "9"]
[EventCountry "SCO"]
[SourceTitle "CBM 179 Extra"]
[Source "ChessBase"]
[SourceDate "2017.08.23"]
[SourceVersion "1"]
[SourceVersionDate "2017.08.23"]
[SourceQuality "1"]

1. e4 e6 2. d4 d5 3. Nc3 Bb4 4. e5 Ne7 5. Qg4 Bxc3+ 6. bxc3 c5 7. Nf3 Qc7 8. Bd2 cxd4 9. Bd3 dxc3 10. Bf4 Nbc6 11. Qxg7 Rg8 12. Qf6 Ng6 13. Bg3 Qe7 14. Qxe7+ Kxe7 15. Rb1 h5 16. h4 Na5 17. 0-0 Bd7 18. Nd4 b6 19. Rfe1 Rac8 20. Rb4 Nc6 21. Nxc6+ Bxc6 22. Re3 b5 23. a3 a5 24. Rb1 d4 25. Ree1 Rb8 26. Red1 Rb7 27. Bxg6 Rxg6 28. Rxd4 Rd7 29. Rxd7+ Kxd7 30. Rb3 Rg4 31. Rxc3 Rc4 32. Rxc4 bxc4 33. f3 Ba4 34. Be1 Bxc2 35. Bxa5 Kc6 36. Kf2 Kb5 37. Bb4 Ka4 38. Ke3 Kb3 39. Kd4 Bf5 40. Bd2 Bd3 41. Bb4 Be2 42. Ke3 Bf1 43. g3 c3 44. Kf2 c2 45. Bd2 Bh3 46. Bc1 Bf5 47. Ke3 Ka4 48. Kd2 Kb5 49. Ke2 Kc4 50. Bb2 Kb3 51. Bc1 Kc4 52. Bb2 Kb3 53. Bc1 Kc4 1/2-1/2

[Event "SCO-ch 124th"]
[Site "Dundee"]
[Date "2017.07.15"]
[Round "1"]
[White "MacQueen, Calum"]
[Black "Smith, Stephen H"]
[Result "1-0"]
[WhiteElo "2246"]
[BlackElo "1794"]
[PlyCount "77"]
[EventDate "2017.07.15"]
[EventType "swiss"]
[EventRounds "9"]
[EventCountry "SCO"]
[SourceTitle "CBM 179 Extra"]
[Source "ChessBase"]
[SourceDate "2017.08.23"]
[SourceVersion "1"]
[SourceVersionDate "2017.08.23"]
[SourceQuality "1"]

1. e4 e6 2. d4 d5 3. Nd2 Nf6 4. e5 Nfd7 5. f4 c5 6. c3 Nc6 7. Ndf3 cxd4 8. cxd4 Be7 9. Bd3 Nb6 10. Ne2 Bd7 11. Nc3 a5 12. 0-0 0-0 13. Kh1 a4 14. a3 Na5 15. Rb1 Nac4 16. Qc2 g6 17. g4 f5 18. Rg1 Na5 19. gxf5 exf5 20. Ng5 Bxg5 21. Rxg5 Rc8 22. Be3 Nbc4 23. Bg1 Nxe5 24. dxe5 d4 25. Bf1 dxc3 26. bxc3 Bc6+ 27. Bg2 Qd7 28. Qa2+ Qf7 29. Qe2 Bxg2+ 30. Rxg2 Qc4 31. Rb5 Qxe2 32. Rxe2 Nc4 33. Rxb7 Nxa3 34. Bd4 Rf7 35. Rb4 Nc4 36. e6 Rff8 37. Rb7 Rfe8 38. Rg7+ Kf8 39. e7+ 1-0

[Event "Dundee & Angus Major"]
[Site "Dundee"]
[Date "2016.10.09"]
[Round "5"]
[White "Dawson, Euan"]
[Black "Smith, Stephen H"]
[Result "1-0"]
[WhiteElo "1599"]
[BlackElo "1676"]
[PlyCount "47"]
[EventDate "2016.10.07"]
[EventType "swiss"]
[EventRounds "5"]
[EventCountry "SCO"]
[SourceTitle "EXT 2023"]
[Source "ChessBase"]
[SourceDate "2022.10.05"]
[SourceVersion "1"]
[SourceVersionDate "2022.10.05"]
[SourceQuality "1"]

1. e4 e6 2. Qe2 c5 3. f4 Be7 4. Nf3 Nc6 5. g3 Nf6 6. Bg2 Qc7 7. 0-0 0-0 8. d3 e5 9. c3 d6 10. Na3 Bg4 11. f5 a6 12. h3 Bxf3 13. Qxf3 Rad8 14. g4 Ne8 15. g5 f6 16. g6 hxg6 17. fxg6 f5 18. exf5 Nf6 19. Bg5 e4 20. dxe4 Ne5 21. Qd1 Ned7 22. e5 dxe5 23. Bd5+ Kh8 24. Qe1 1-0

[Event "SCO-ch 122nd"]
[Site "Edinburgh"]
[Date "2015.07.17"]
[Round "7"]
[White "Smith, Stephen H"]
[Black "Burnett, Andrew"]
[Result "0-1"]
[WhiteElo "1803"]
[BlackElo "2249"]
[PlyCount "106"]
[EventDate "2015.07.11"]
[EventType "swiss"]
[EventRounds "9"]
[EventCountry "SCO"]
[SourceTitle "CBM 167 Extra"]
[Source "ChessBase"]
[SourceDate "2015.09.14"]
[SourceVersion "1"]
[SourceVersionDate "2015.09.14"]
[SourceQuality "1"]

1. e4 c5 2. Nc3 Nc6 3. f4 e6 4. Nf3 a6 5. d4 cxd4 6. Nxd4 Qc7 7. Be2 b5 8. Bf3 Bb7 9. a3 Rc8 10. Be3 Nxd4 11. Qxd4 Ne7 12. 0-0 Nc6 13. Qd2 Na5 14. Be2 Nc4 15. Bxc4 Qxc4 16. Rfd1 Rc7 17. Qd3 Bc5 18. Bxc5 Qxc5+ 19. Qd4 d6 20. g3 Ke7 21. Qxc5 dxc5 22. Re1 Rd8 23. Re2 Rd4 24. Rae1 b4 25. Nb1 a5 26. axb4 cxb4 27. c3 Rd3 28. Kf2 Ba6 29. Rd2 a4 30. Rxd3 Bxd3 31. cxb4 Bxb1 32. Rxb1 Rc4 33. e5 Rxb4 34. h3 Rb3 35. Ra1 Rxb2+ 36. Kg1 Rb4 37. Kf2 h5 38. h4 g6 39. Ra3 Kd7 40. Rc3 Rb2+ 41. Kg1 Rb3 42. Rc4 Rxg3+ 43. Kh2 Rg4 44. Rxa4 Rxh4+ 45. Kg3 Rg4+ 46. Kf3 Rg1 47. Ra7+ Ke8 48. Ra8+ Ke7 49. Kf2 Rb1 50. Kg3 Rb4 51. Rh8 Rb3+ 52. Kh4 Rf3 53. Kg5 Rg3+ 0-1

[Event "Commonwealth-ch"]
[Site "Glasgow"]
[Date "2014.07.08"]
[Round "9"]
[White "Anjana Krishna, Sreela"]
[Black "Smith, Stephen H"]
[Result "1-0"]
[WhiteElo "1926"]
[BlackElo "1800"]
[PlyCount "65"]
[EventDate "2014.06.30"]
[EventType "swiss"]
[EventRounds "9"]
[EventCountry "SCO"]
[SourceTitle "CBM 161 Extra"]
[Source "ChessBase"]
[SourceDate "2014.08.29"]
[SourceVersion "1"]
[SourceVersionDate "2014.08.29"]
[SourceQuality "1"]

1. e4 e6 2. d4 d5 3. Nd2 Nf6 4. e5 Nfd7 5. Bd3 c5 6. c3 Nc6 7. Ne2 Qb6 8. Nf3 cxd4 9. cxd4 f6 10. exf6 Nxf6 11. 0-0 Bd6 12. Nc3 a6 13. a3 0-0 14. Bg5 Bd7 15. b4 Kh8 16. Bc2 Qc7 17. Qd3 Be8 18. h3 Rc8 19. Qe2 Nd8 20. Rac1 Bf4 21. Bxf4 Qxf4 22. Bd3 Bd7 23. Ne5 Qh6 24. f4 Be8 25. Qe3 Nd7 26. Ng4 Qh4 27. f5 Bf7 28. fxe6 Bxe6 29. Rxf8+ Nxf8 30. Rf1 Nf7 31. Bf5 Qg5 32. Bxe6 Nxe6 33. Qxe6 1-0

[Event "SCO-ch 120th"]
[Site "Helensburgh"]
[Date "2013.07.14"]
[Round "9"]
[White "Smith, Stephen H"]
[Black "Roy, Ali"]
[Result "0-1"]
[WhiteElo "1802"]
[BlackElo "1882"]
[PlyCount "56"]
[EventDate "2013.07.06"]
[EventType "swiss"]
[EventRounds "9"]
[EventCountry "SCO"]
[SourceTitle "EXT 2014"]
[Source "ChessBase"]
[SourceDate "2013.11.20"]
[SourceVersion "1"]
[SourceVersionDate "2013.11.20"]
[SourceQuality "1"]

1. e4 c5 2. Nf3 d6 3. d4 cxd4 4. Nxd4 Nf6 5. Nc3 a6 6. Be2 e5 7. Nb3 Be6 8. 0-0 Be7 9. f4 0-0 10. f5 Bxb3 11. cxb3 Nbd7 12. Be3 b5 13. b4 Nb6 14. Kh1 Rc8 15. Bxb6 Qxb6 16. a3 Rc7 17. a4 Rfc8 18. axb5 axb5 19. Nxb5 Rd7 20. Qd3 d5 21. Qa3 Nxe4 22. Qa6 Qxa6 23. Rxa6 Bxb4 24. Bd3 Nc5 25. Nd6 Rcd8 26. Bb5 Nxa6 27. Bxd7 Rxd7 28. Nb5 Rb7 0-1

[Event "SCO-ch 120th"]
[Site "Helensburgh"]
[Date "2013.07.06"]
[Round "1"]
[White "Doyle, James J"]
[Black "Smith, Stephen H"]
[Result "1-0"]
[WhiteElo "2009"]
[BlackElo "1802"]
[PlyCount "101"]
[EventDate "2013.07.06"]
[EventType "swiss"]
[EventRounds "9"]
[EventCountry "SCO"]
[SourceTitle "EXT 2014"]
[Source "ChessBase"]
[SourceDate "2013.11.20"]
[SourceVersion "1"]
[SourceVersionDate "2013.11.20"]
[SourceQuality "1"]

1. d4 Nf6 2. c4 e6 3. Nc3 Bb4 4. e3 b6 5. Bd3 Bb7 6. Nf3 0-0 7. 0-0 d5 8. a3 Bxc3 9. bxc3 dxc4 10. Bxc4 Nbd7 11. a4 c5 12. Ba3 Qc7 13. Qe2 Rfd8 14. Rfc1 Re8 15. Bb5 a6 16. Bc4 e5 17. Ng5 Re7 18. Qa2 Rf8 19. f3 h6 20. Nh3 exd4 21. exd4 Nh5 22. Re1 Rxe1+ 23. Rxe1 Nf4 24. Nf2 Nf6 25. dxc5 bxc5 26. Qd2 Rc8 27. Bc1 N4d5 28. Ne4 Nxe4 29. fxe4 Nb6 30. Bb3 Re8 31. Bc2 Qe5 32. a5 Nc4 33. Qd3 Nxa5 34. Ba4 Re7 35. Qd8+ Kh7 36. Qxa5 f5 37. Ba3 Bxe4 38. Qxc5 Qxc5+ 39. Bxc5 Rc7 40. Bd4 Rc4 41. Bd7 Rc7 42. Ba4 a5 43. Kf2 Rc4 44. Bb5 Rc8 45. Ra1 Ra8 46. g3 Bc2 47. Ra2 Bb3 48. Re2 a4 49. Re7 Kg8 50. Rxg7+ Kf8 51. Ra7 1-0

[Event "SCO-ch 119th"]
[Site "Glasgow"]
[Date "2012.07.12"]
[Round "6"]
[White "Smith, Stephen H"]
[Black "Zamvar, Vipin"]
[Result "1-0"]
[WhiteElo "1805"]
[BlackElo "1676"]
[PlyCount "61"]
[EventDate "2012.07.07"]
[EventType "swiss"]
[EventRounds "9"]
[EventCountry "SCO"]
[SourceTitle "CBM 149 Extra"]
[Source "ChessBase"]
[SourceDate "2012.08.24"]
[SourceVersion "1"]
[SourceVersionDate "2012.08.24"]
[SourceQuality "1"]

1. e4 e5 2. f4 exf4 3. Nf3 g5 4. h4 g4 5. Ne5 Qe7 6. d4 d5 7. Be2 dxe4 8. Bxf4 Qb4+ 9. Nc3 Be6 10. 0-0 h5 11. Nxe4 f6 12. Ng6 Rh7 13. Nxf8 Qxf8 14. Nc5 Bd5 15. c4 Bc6 16. Ne6 Qb4 17. Nxc7+ Kd8 18. Nxa8 b5 19. Bxb8 Bxa8 20. Qb3 Qd2 21. Qd3 Qxd3 22. Bxd3 Rd7 23. cxb5 Rxd4 24. Rad1 Ke7 25. Bxa7 Ra4 26. Bc5+ Kf7 27. Bc2 Ra5 28. Bb3+ Kg7 29. Bxg8 Kxg8 30. Rxf6 Rxa2 31. Ra6 1-0

[Event "EU-chT Seniors"]
[Site "Rogaska Slatina"]
[Date "2012.03.27"]
[Round "1.19"]
[White "Smith, Stephen H"]
[Black "Nickl, Klaus"]
[Result "0-1"]
[WhiteElo "1855"]
[BlackElo "2162"]
[PlyCount "46"]
[EventDate "2012.03.27"]
[EventType "team-swiss"]
[EventRounds "9"]
[EventCountry "SLO"]
[SourceTitle "CBM 147 Extra"]
[Source "ChessBase"]
[SourceDate "2012.04.24"]
[SourceVersion "1"]
[SourceVersionDate "2012.04.24"]
[SourceQuality "1"]
[WhiteTeam "Scotland (Seniors) II"]
[BlackTeam "Steiermark (Seniors)"]
[WhiteTeamCountry "SCO"]
[BlackTeamCountry "AUT"]

1. e4 e5 2. f4 exf4 3. Nf3 d5 4. exd5 Nf6 5. Nc3 Nxd5 6. Bc4 Be6 7. Nxd5 Bxd5 8. Bxd5 Qxd5 9. 0-0 Nc6 10. d4 0-0-0 11. c3 g5 12. Bd2 h5 13. Qc2 h4 14. c4 Nxd4 15. cxd5 Nxc2 16. Rac1 Ne3 17. Bxe3 fxe3 18. Rfd1 e2 19. Rd3 g4 20. Ne1 Rh5 21. Kf2 Re8 22. Re3 Rxe3 23. Kxe3 Bh6+ 0-1

[Event "Dundee & Angus Congress Major"]
[Site "Dundee"]
[Date "2011.10.16"]
[Round "4"]
[White "Andrews, Norman G"]
[Black "Smith, Stephen H"]
[Result "0-1"]
[WhiteElo "1522"]
[BlackElo "1670"]
[PlyCount "88"]
[EventDate "2011.10.14"]
[EventType "swiss"]
[EventRounds "5"]
[EventCountry "SCO"]
[SourceTitle "EXT 2023"]
[Source "ChessBase"]
[SourceDate "2022.10.05"]
[SourceVersion "1"]
[SourceVersionDate "2022.10.05"]
[SourceQuality "1"]

1. e4 e6 2. d4 d5 3. Nc3 Bb4 4. e5 Ne7 5. Bd2 a6 6. Nf3 c5 7. a3 Bxc3 8. bxc3 Nbc6 9. Bd3 Qc7 10. 0-0 Bd7 11. Rb1 c4 12. Be2 h6 13. h3 0-0-0 14. Nh2 f6 15. exf6 gxf6 16. Qc1 h5 17. Bf4 e5 18. dxe5 fxe5 19. Be3 Rdg8 20. Kh1 Nf5 21. Nf3 Nxe3 22. Qxe3 e4 23. Nd4 Ne5 24. Qf4 Rf8 25. Qh2 Qd6 26. Rb4 Qf6 27. Rfb1 b5 28. a4 Ng4 29. Bxg4 hxg4 30. axb5 gxh3 31. g3 a5 32. R4b2 Qxf2 33. Nc6 Qxh2+ 34. Kxh2 Rf2+ 35. Kh1 Rhf8 36. Ne5 Rf1+ 37. Rxf1 Rxf1+ 38. Kh2 Be6 39. g4 e3 40. b6 Kb7 41. Nd3 Bc8 42. Kxh3 e2 43. Nc5+ Kc6 44. Ne6 e1Q 0-1